Hà Nội thủ đô nước cộng hòa xã hội chủ nghĩa Việt Nam

Hà Nội vị trí địa lí và chiều sâu lịch sử; bình minh của lịch sử Hà Nội; Thăng Long - Đông Đô - Đông Kinh - Hà Nội thế kỷ XI-XIX; Hà Nội từ buổi đầu chống Pháp đến xây dựng xã hội chủ nghĩa; truyền thống cách mạng;....

Đã lưu trong:
Chi tiết về thư mục
Tác giả khác: Trần Quốc Vượng (chủ biên)
Định dạng: Sách
Ngôn ngữ:Vietnamese
Được phát hành: H. Sự thật 1984
Những chủ đề:
Các nhãn: Thêm thẻ
Không có thẻ, Là người đầu tiên thẻ bản ghi này!
Thư viện lưu trữ: Mạng thư viện Đại học Đà Nẵng
LEADER 01462nam a2200337 4500
001 000008867
003 5060
005 20111024081047.0
008 111021s1984 viesd
041 0 |a vie 
082 |a 959.731  |b HaN 
245 0 |a Hà Nội thủ đô nước cộng hòa xã hội chủ nghĩa Việt Nam  |c Trần Quốc Vượng, Phan Huy Lê, Đinh Xuân Lâm, Nguyễn Vinh Phúc, Bùi Hạnh Cẩn, Bùi Đình Thanh 
260 |a H.  |b Sự thật  |c 1984 
300 |a 247 tr.  |c 26 cm 
520 |a Hà Nội vị trí địa lí và chiều sâu lịch sử; bình minh của lịch sử Hà Nội; Thăng Long - Đông Đô - Đông Kinh - Hà Nội thế kỷ XI-XIX; Hà Nội từ buổi đầu chống Pháp đến xây dựng xã hội chủ nghĩa; truyền thống cách mạng;.... 
653 |a Hà Nội 
653 |a Lịch sử 
653 |a Truyền thống 
653 |a Cách mạng 
700 |a Trần Quốc Vượng  |e chủ biên 
910 |a Thanh  |d 21/10/2011 
OWN |a LSP 
AVA |a UDN50  |b LSP  |d 959.731 HaN  |e available  |t Error 5001 Not defined in file expand_doc_bib_avail.  |f 3  |g 2  |h N  |i 0  |k 1 
999 |a From the UDN01 
AVA |a UDN50  |b LSP  |d 959.731 HaN  |e available  |t Error 5001 Not defined in file expand_doc_bib_avail.  |f 3  |g 2  |h N  |i 0  |k 1 
TYP |a Monograph 
TYP |a Printed language 
980 |a Mạng thư viện Đại học Đà Nẵng